Braunwald's heart disease : (Record no. 63224)
[ view plain ]
| 000 -الفاتح | |
|---|---|
| حقل البيانات ثابتة الطول | 02898cam a2200445 i 4500 |
| 005 - وقت وتاريخ اخر تعامل مع التسجيلة | |
| رقم الضبط | 20240530110629.0 |
| 008 - عناصر البيانات ثابتة الطول - معلومات عامة | |
| حقل البيانات ثابتة الطول | 140624t20152015pauab b 001 0 eng |
| 020 ## - الرقم الدولى المعيارى للكتب | |
| الرقم الدولى المعيارى للكتاب | 9781455751341 (singlevolume : hardcover : alk. paper) |
| 020 ## - الرقم الدولى المعيارى للكتب | |
| الرقم الدولى المعيارى للكتاب | 9781455751334 (twovolume set : hardcover : alk. paper) |
| 020 ## - الرقم الدولى المعيارى للكتب | |
| الرقم الدولى المعيارى للكتاب | 9996096335 (volume 1 : hardcover : alk. paper) |
| 020 ## - الرقم الدولى المعيارى للكتب | |
| الرقم الدولى المعيارى للكتاب | 9996096394 (volume 2 : hardcover : alk. paper) |
| 020 ## - الرقم الدولى المعيارى للكتب | |
| الرقم الدولى المعيارى للكتاب | 9780323294294 (international edition : hardcover : alk. paper) |
| 040 ## - مصدر الفهرسة | |
| وكالة الفهرسة الأصلية | DNLM/DLC |
| وكالة النسخ | DLC |
| قواعد الوصف | rda |
| وكالة التعديل | DLC |
| 042 ## - | |
| -- | pcc |
| 050 00 - | |
| -- | RC681 |
| -- | .H36 2015 |
| 060 00 - | |
| -- | WG 210 |
| 082 04 - رقم تصنيف ديوى العشرى | |
| رقم الطبعة | 21 |
| رقم التصنيف | 616.12\ |
| رقم المادة | M B |
| 245 00 - بيان العنوان | |
| العنوان | Braunwald's heart disease : |
| بقية العنوان | a textbook of cardiovascular medicine / |
| بيان المسئوليه,etc | edited by Douglas L. Mann, MD, Lewin Chair and Professor of Medicine, Cell Biology, and Physiology, Chief, Division of Cardiology, Washington University School of Medicine in St. Louis, Cardiologist-in-Chief, Barnes-Jewish Hospital, St. Louis, Missouri, Douglas P. Zipes, MD, Distinguished Professor, Professor Emeritus of Medicine, Pharmacology, and Toxicology, Director Emeritus, Division of Cardiology and the Krannert institute of Cardiology, Indiana University School of Medicine, Indianapolis, Indiana, Peter Libby, MD, Mallinckrodt Professor of Medicine, Harvard Medical School, Chief, Cardiovascular Medicine Division, Brigham and Women's Hospital, Boston, Massachussetts, Robert O. Bonow, MD, MS, Max and Lilly Goldberg Distinguished Professor of Cardiology, Vice Chairman, Department of Medicine, Director, Center for Cardiac Innovation, Northwestern University Feinberg School of Medicine, Chicago, Illinois ; founding editor and online editor, Eugene Braunwald, MD, MD(Hon), ScD(Hon), FRCP, Distinguished Hersey Professor of Medicine, Harvard Medical School, Founding Chairman, TIMI Study Group, Brigham and Women's Hospital, Boston, Massachusetts. |
| 246 1# - العنوان الموازى | |
| عنوان صحيح/عنوان مختصر | Heart disease |
| 250 ## - بيان الطبعة | |
| بيان الطبعة | Tenth edition. |
| 300 ## - الوصف المادى | |
| التعداد | volumes : |
| تفاصيل ماديه اخرى للوعاء | illustrations (some color), color maps ; |
| أبعاد الوعاء | 29 cm |
| 500 ## - تبصرة عامة | |
| تبصرة عامة | Preceded by Braunwald's heart disease / edited by Robert O. Bonow ... [et al.] ; founding editor and online editor Eugene Braunwald. c2012. |
| 504 ## - تبصرة ببليوجرافية | |
| تبصرة ببليوجرافية,الخ | Includes bibliographical references and index. |
| 650 12 - المدخل الاضافى بالموضوع-مصطلح موضوعى | |
| مصطلح موضوعي | Heart Diseases. |
| 650 22 - المدخل الاضافى بالموضوع-مصطلح موضوعى | |
| مصطلح موضوعي | Cardiovascular Diseases. |
| 700 1# - المدخل الاضافى - اسم شخصى | |
| الإسم الشخصى | Mann, Douglas L., |
| الدور | editor. |
| 700 1# - المدخل الاضافى - اسم شخصى | |
| الإسم الشخصى | Zipes, Douglas P., |
| الدور | editor. |
| 700 1# - المدخل الاضافى - اسم شخصى | |
| الإسم الشخصى | Libby, Peter, |
| الدور | editor. |
| 700 1# - المدخل الاضافى - اسم شخصى | |
| الإسم الشخصى | Bonow, Robert O., |
| الدور | editor. |
| 700 1# - المدخل الاضافى - اسم شخصى | |
| الإسم الشخصى | Braunwald, Eugene, |
| التواريخ المصاحبة للاسم | 1929- , |
| الدور | editor. |
| 942 ## - عناصر المدخل الإضافي( كوها) | |
| مصدر التصنيف او مخطط الترفيف | Dewey Decimal Classification |
| Koha [default] item type | كتاب |
| 264 #1 - | |
| -- | Philadelphia, PA : |
| -- | Elsevier/Saunders, |
| -- | [2015] |
| 336 ## - | |
| -- | text |
| -- | rdacontent |
| 337 ## - | |
| -- | unmediated |
| -- | rdamedia |
| 338 ## - | |
| -- | volume |
| -- | rdacarrier |
| 906 ## - عنصر بيانات محلى F, LDF (RLIN) | |
| a | 7 |
| b | cbc |
| c | orignew |
| d | 1 |
| e | ecip |
| f | 20 |
| g | y-gencatlg |
| حالة التراجع | حالة الفقد | مصدر التصنيف او خطة الترفيف | حالة تلف | ليس للاعارة | المكان المؤقت | الموقع الحالى | موقع الترفيف | تاريخ الاكتساب | اجمالي اﻻعارات | رقم الطلب | الباركود | تاريخ اخر مشاهدة | تاريخ تفعيل السعر | نوع وعاء كوها |
|---|---|---|---|---|---|---|---|---|---|---|---|---|---|---|
| ddc | مكتبة القاهرة الكبرى | مكتبة القاهرة الكبرى | 01/14/2017 | 616.12\ M B | 163196 | 01/14/2017 | 01/14/2017 | كتاب |

